000 00474nam a22001697a 4500
003 CEME
005 20210628210257.0
008 210201b xxu||||| |||| 00| 0 eng d
040 _c.
082 _a297.63 MUH
100 _aMakhdoom Muhammad Hashim Sindhi
_978824
245 _aZareyaat-e-wasool from prophet muhammad peace be upon him
260 _aLAHORE
_bMAKTABA LUDHAYNEVEY
_c1995
300 _a55P
650 _aISLAM-FAZAYAL-E-DAROOD PAK
_978825
942 _cBK
_2ddc
999 _c583894
_d583894